| 000 | 00953nam a2200277 i 4500 | ||
|---|---|---|---|
| 001 | 000047994 | ||
| 003 | DO-SdBNP | ||
| 005 | 20250520152234.0 | ||
| 007 | ta | ||
| 008 | 090727s2001 dr r 000 j spa d | ||
| 040 |
_aDO-SdBNP _bspa _cBNPHU _erda |
||
| 082 | 4 |
_aRD863.44 _bG934p, 2001 _222 |
|
| 100 | 1 |
_aGuerra, Augusto, _eautor _4aut. _92189 |
|
| 245 | 1 | 3 |
_aEl Peregrino Ruso / _cpreparación del texto, introducción y notas de Augusto Guerra. |
| 250 | _aTercera edición | ||
| 264 | 1 |
_aSanto Domingo : _bEditorial Monte Carmelo; _bEspiritualidad del Caribe, _c2001. |
|
| 300 |
_a113 páginas ; _c20 cm. |
||
| 336 |
_atexto _btxt _2rdacontent |
||
| 337 |
_asin mediación _bn _2rdamedia |
||
| 338 |
_avolumen _bnc _2rdacarrier |
||
| 500 | _aIncluye referencias bibliográficas y notas al píe de las páginas | ||
| 590 | _aInventariado, 2018/VM | ||
| 650 | 4 |
_aCuentos dominicanos _9176 |
|
| 650 | 4 |
_aLiteratura dominicana. _967 |
|
| 942 |
_2ddc _cLBS1 |
||
| 999 |
_c47482 _d47482 |
||